[Event "DVM U20 2021"]
[Site "Kiel GER"]
[Date "2022.07.24"]
[Round "4"]
[White "Astner, Sebastian"]
[Black "Kürschner, Liam"]
[Result "0-1"]
[Termination "normal"]
[Board "4.4"]
[WhiteElo "1888"]
[BlackElo "1891"]
[WhiteClock "00:20:02"]
[BlackClock "00:33:13"]
[WhiteTeam "FC Ergolding 1932 e.V."]
[BlackTeam "SK Langen"]
[PlyCount "48"]
[WhiteFideId "12979422"]
[BlackFideId "34609962"]
[EventCountry "GER"]
[EventRounds "7"]
[EventType "team-swiss"]
[EventDate "2022.07.22"]

1. e4 {[%clk 01:30:58]} {[%emt 00:00:02]} c5 {[%clk 01:30:51]} {[%emt
00:00:09]} 2. Nf3 {[%clk 01:31:24]} {[%emt 00:00:04]} g6 {[%clk 01:31:17]}
{[%emt 00:00:05]} 3. c4 {[%clk 01:31:49]} {[%emt 00:00:05]} Bg7 {[%clk
01:31:42]} {[%emt 00:00:04]} 4. d4 {[%clk 01:32:16]} {[%emt 00:00:05]} cxd4
{[%clk 01:32:08]} {[%emt 00:00:03]} 5. Nxd4 {[%clk 01:32:42]} {[%emt 00:00:05]}
Nc6 {[%clk 01:32:32]} {[%emt 00:00:04]} 6. Be3 {[%clk 01:33:03]} {[%emt
00:00:10]} Nf6 {[%clk 01:32:56]} {[%emt 00:00:07]} 7. Nc3 {[%clk 01:33:27]}
{[%emt 00:00:05]} Ng4 {[%clk 01:33:21]} {[%emt 00:00:05]} 8. Qxg4 {[%clk
01:33:39]} {[%emt 00:00:18]} Nxd4 {[%clk 01:33:42]} {[%emt 00:00:08]} 9. Qd1
{[%clk 01:33:56]} {[%emt 00:00:14]} e5 {[%clk 01:34:06]} {[%emt 00:00:05]} 10.
Qd2 {[%clk 01:32:23]} {[%emt 00:02:03]} O-O {[%clk 01:34:13]} {[%emt 00:00:23]}
11. h4 {[%clk 01:31:57]} {[%emt 00:00:57]} h5 {[%clk 01:34:10]} {[%emt
00:00:32]} 12. Nd5 {[%clk 01:30:28]} {[%emt 00:01:59]} Ne6 {[%clk 01:27:02]}
{[%emt 00:07:37]} 13. Be2 {[%clk 01:26:33]} {[%emt 00:04:26]} b6 {[%clk
01:25:32]} {[%emt 00:02:00]} 14. Bh6 {[%clk 01:22:37]} {[%emt 00:04:26]} Bb7
{[%clk 01:16:24]} {[%emt 00:09:37]} 15. g4 {[%clk 01:17:44]} {[%emt 00:05:24]}
hxg4 {[%clk 01:08:28]} {[%emt 00:08:26]} 16. h5 {[%clk 01:15:14]} {[%emt
00:03:00]} Bxd5 {[%clk 01:05:18]} {[%emt 00:03:40]} 17. cxd5 {[%clk 01:04:27]}
{[%emt 00:11:17]} Nd4 {[%clk 01:05:30]} {[%emt 00:00:18]} 18. hxg6 {[%clk
01:03:17]} {[%emt 00:01:40]} Qf6 {[%clk 01:04:51]} {[%emt 00:01:08]} 19. Bxg7
{[%clk 00:51:46]} {[%emt 00:12:02]} Qxg7 {[%clk 01:04:57]} {[%emt 00:00:23]}
20. gxf7+ {[%clk 00:51:01]} {[%emt 00:01:16]} Rxf7 {[%clk 00:58:53]} {[%emt
00:06:34]} 21. Rg1 {[%clk 00:41:51]} {[%emt 00:09:40]} Rf4 {[%clk 00:51:12]}
{[%emt 00:08:10]} 22. Qd3 {[%clk 00:24:28]} {[%emt 00:17:54]} Rc8 {[%clk
00:48:57]} {[%emt 00:02:44]} 23. Rd1 {[%clk 00:22:24]} {[%emt 00:02:35]} Rc2
{[%clk 00:32:54]} {[%emt 00:16:33]} 24. Rd2 {[%clk 00:20:02]} {[%emt 00:02:52]}
Rxd2 {[%clk 00:33:13]} {[%emt 00:00:11]} 0-1

[Event "DVM U20 2021"]
[Site "Kiel GER"]
[Date "2022.07.24"]
[Round "4"]
[White "Koholka, Jan"]
[Black "Sowka, Patrick"]
[Result "1-0"]
[Termination "normal"]
[Board "4.5"]
[WhiteElo "1602"]
[BlackElo "1598"]
[WhiteClock "00:19:57"]
[BlackClock "00:06:08"]
[WhiteTeam "SK Langen"]
[BlackTeam "FC Ergolding 1932 e.V."]
[PlyCount "53"]
[WhiteFideId "34611584"]
[BlackFideId "16234944"]
[EventCountry "GER"]
[EventRounds "7"]
[EventType "team-swiss"]
[EventDate "2022.07.22"]

1. e4 {[%clk 01:30:57]} {[%emt 00:00:02]} c5 {[%clk 01:30:51]} {[%emt
00:00:10]} 2. Nf3 {[%clk 01:31:05]} {[%emt 00:00:22]} d6 {[%clk 01:31:15]}
{[%emt 00:00:07]} 3. d4 {[%clk 01:31:08]} {[%emt 00:00:28]} cxd4 {[%clk
01:31:43]} 4. Nxd4 {[%clk 01:31:29]} {[%emt 00:00:08]} Nf6 {[%clk 01:32:07]}
{[%emt 00:00:07]} 5. Nc3 {[%clk 01:31:25]} {[%emt 00:00:35]} a6 {[%clk
01:32:24]} {[%emt 00:00:13]} 6. Bg5 {[%clk 01:31:09]} {[%emt 00:00:46]} e6
{[%clk 01:32:31]} {[%emt 00:00:22]} 7. f4 {[%clk 01:31:04]} {[%emt 00:00:34]}
Nbd7 {[%clk 01:30:26]} {[%emt 00:02:36]} 8. Qf3 {[%clk 01:27:01]} {[%emt
00:04:34]} Be7 {[%clk 01:29:15]} {[%emt 00:01:40]} 9. O-O-O {[%clk 01:26:19]}
{[%emt 00:01:13]} Qc7 {[%clk 01:27:57]} {[%emt 00:01:47]} 10. g4 {[%clk
01:25:38]} {[%emt 00:01:11]} b5 {[%clk 01:24:01]} {[%emt 00:04:26]} 11. Bxf6
{[%clk 01:24:52]} {[%emt 00:01:17]} Nxf6 {[%clk 01:22:05]} {[%emt 00:02:25]}
12. g5 {[%clk 01:23:40]} {[%emt 00:01:42]} Nd7 {[%clk 01:22:26]} {[%emt
00:00:09]} 13. f5 {[%clk 01:23:16]} {[%emt 00:00:55]} e5 {[%clk 01:19:03]}
{[%emt 00:03:53]} 14. Nd5 {[%clk 01:15:19]} {[%emt 00:08:27]} Bxg5+ {[%clk
01:15:41]} {[%emt 00:03:51]} 15. Kb1 {[%clk 01:14:57]} {[%emt 00:00:52]} Qb8
{[%clk 01:11:54]} {[%emt 00:04:16]} 16. Qh5 {[%clk 01:00:01]} {[%emt 00:15:26]}
Bf6 {[%clk 00:31:25]} {[%emt 00:40:59]} 17. Ne6 {[%clk 00:53:01]} {[%emt
00:07:31]} Ra7 {[%clk 00:31:40]} {[%emt 00:00:15]} 18. Ng5 {[%clk 00:46:28]}
{[%emt 00:07:04]} Nc5 {[%clk 00:19:22]} {[%emt 00:12:47]} 19. Bd3 {[%clk
00:39:39]} {[%emt 00:07:19]} Bxg5 {[%clk 00:12:26]} {[%emt 00:07:26]} 20. Qxg5
{[%clk 00:39:39]} {[%emt 00:00:30]} f6 {[%clk 00:12:47]} {[%emt 00:00:08]} 21.
Qh5+ {[%clk 00:38:26]} {[%emt 00:01:43]} Rf7 {[%clk 00:12:53]} {[%emt
00:00:24]} 22. Rhg1 {[%clk 00:37:27]} {[%emt 00:01:30]} O-O {[%clk 00:12:49]}
{[%emt 00:00:34]} 23. Rg4 {[%clk 00:32:44]} {[%emt 00:05:13]} Bb7 {[%clk
00:10:01]} {[%emt 00:03:19]} 24. Rh4 {[%clk 00:23:56]} {[%emt 00:09:17]} h6
{[%clk 00:08:59]} {[%emt 00:01:32]} 25. Rg1 {[%clk 00:23:00]} {[%emt 00:01:26]}
Kh8 {[%clk 00:08:35]} {[%emt 00:00:54]} 26. Rg6 {[%clk 00:21:05]} {[%emt
00:02:25]} Bxd5 {[%clk 00:06:08]} {[%emt 00:02:57]} 27. Rxh6+ {[%clk 00:19:57]}
{[%emt 00:01:38]} 1-0

[Event "DVM U20 2021"]
[Site "Kiel GER"]
[Date "2022.07.24"]
[Round "4"]
[White "Alexandrov, Dimitri"]
[Black "Riegel, Simon"]
[Result "1-0"]
[Termination "normal"]
[Board "4.6"]
[WhiteElo "1785"]
[BlackElo "1285"]
[WhiteClock "00:19:00"]
[BlackClock "00:23:12"]
[WhiteTeam "FC Ergolding 1932 e.V."]
[BlackTeam "SK Langen"]
[PlyCount "99"]
[WhiteFideId "16249798"]
[BlackFideId "34628410"]
[EventCountry "GER"]
[EventRounds "7"]
[EventType "team-swiss"]
[EventDate "2022.07.22"]

1. e4 {[%clk 01:30:59]} {[%emt 00:00:01]} d5 {[%clk 01:30:49]} {[%emt
00:00:11]} 2. exd5 {[%clk 01:31:12]} {[%emt 00:00:17]} Nf6 {[%clk 01:31:09]}
{[%emt 00:00:11]} 3. Bb5+ {[%clk 01:28:17]} {[%emt 00:03:23]} Bd7 {[%clk
01:31:02]} {[%emt 00:00:38]} 4. Bc4 {[%clk 01:28:25]} {[%emt 00:00:22]} c6
{[%clk 01:30:48]} {[%emt 00:00:44]} 5. Nf3 {[%clk 01:26:52]} {[%emt 00:02:03]}
cxd5 {[%clk 01:31:00]} {[%emt 00:00:18]} 6. Bb3 {[%clk 01:26:57]} {[%emt
00:00:25]} Nc6 {[%clk 01:30:29]} {[%emt 00:01:01]} 7. d4 {[%clk 01:26:34]}
{[%emt 00:00:52]} Bg4 {[%clk 01:30:21]} {[%emt 00:00:39]} 8. c3 {[%clk
01:26:30]} {[%emt 00:00:34]} e5 {[%clk 01:26:25]} {[%emt 00:04:25]} 9. dxe5
{[%clk 01:25:43]} {[%emt 00:01:18]} Nxe5 {[%clk 01:26:28]} {[%emt 00:00:28]}
10. Qe2 {[%clk 01:24:57]} {[%emt 00:01:15]} Bd6 {[%clk 01:24:52]} {[%emt
00:02:06]} 11. Ba4+ {[%clk 01:13:02]} {[%emt 00:12:25]} Nfd7 {[%clk 01:24:54]}
{[%emt 00:00:27]} 12. h3 {[%clk 01:12:34]} {[%emt 00:00:59]} Bxf3 {[%clk
01:23:33]} {[%emt 00:01:51]} 13. gxf3 {[%clk 01:12:48]} {[%emt 00:00:17]} O-O
{[%clk 01:23:42]} {[%emt 00:00:21]} 14. Be3 {[%clk 01:12:02]} {[%emt 00:01:15]}
Nb6 {[%clk 01:22:34]} {[%emt 00:01:37]} 15. Bc2 {[%clk 01:09:02]} {[%emt
00:03:30]} Re8 {[%clk 01:15:08]} {[%emt 00:07:57]} 16. Nd2 {[%clk 01:05:24]}
{[%emt 00:04:08]} Nbc4 {[%clk 01:00:33]} {[%emt 00:15:05]} 17. Nxc4 {[%clk
01:03:09]} {[%emt 00:02:45]} Nxc4 {[%clk 00:59:22]} {[%emt 00:01:41]} 18. O-O-O
{[%clk 01:01:17]} {[%emt 00:02:22]} Bc5 {[%clk 00:38:57]} {[%emt 00:20:54]} 19.
Qd3 {[%clk 00:55:54]} {[%emt 00:05:54]} Bxe3+ {[%clk 00:38:22]} {[%emt
00:01:05]} 20. fxe3 {[%clk 00:56:11]} {[%emt 00:00:13]} g6 {[%clk 00:35:20]}
{[%emt 00:03:31]} 21. e4 {[%clk 00:50:52]} {[%emt 00:05:50]} Qa5 {[%clk
00:30:50]} {[%emt 00:04:59]} 22. Bb3 {[%clk 00:47:09]} {[%emt 00:04:13]} b5
{[%clk 00:25:18]} {[%emt 00:06:02]} 23. Qxd5 {[%clk 00:44:54]} {[%emt
00:02:45]} Rac8 {[%clk 00:21:04]} {[%emt 00:04:45]} 24. Kb1 {[%clk 00:37:38]}
{[%emt 00:07:46]} Red8 {[%clk 00:21:09]} {[%emt 00:00:25]} 25. Qg5 {[%clk
00:37:06]} {[%emt 00:01:02]} b4 {[%clk 00:15:51]} {[%emt 00:05:47]} 26. Rxd8+
{[%clk 00:32:24]} {[%emt 00:05:12]} Rxd8 {[%clk 00:15:59]} {[%emt 00:00:23]}
27. Qxa5 {[%clk 00:32:24]} {[%emt 00:00:30]} Nxa5 {[%clk 00:16:02]} {[%emt
00:00:26]} 28. Bd5 {[%clk 00:29:18]} {[%emt 00:03:36]} bxc3 {[%clk 00:15:46]}
{[%emt 00:00:47]} 29. b4 {[%clk 00:27:53]} {[%emt 00:01:55]} Rb8 {[%clk
00:15:56]} {[%emt 00:00:20]} 30. a3 {[%clk 00:27:35]} {[%emt 00:00:48]} c2+
{[%clk 00:13:22]} {[%emt 00:03:04]} 31. Kxc2 {[%clk 00:27:42]} {[%emt
00:00:23]} Rc8+ {[%clk 00:13:44]} {[%emt 00:00:07]} 32. Kd3 {[%clk 00:22:21]}
{[%emt 00:05:51]} Nc6 {[%clk 00:13:53]} {[%emt 00:00:21]} 33. f4 {[%clk
00:21:21]} {[%emt 00:01:30]} Rd8 {[%clk 00:12:56]} {[%emt 00:01:28]} 34. Rc1
{[%clk 00:18:18]} {[%emt 00:03:32]} Ne7 {[%clk 00:12:41]} {[%emt 00:00:35]} 35.
Kd4 {[%clk 00:18:28]} {[%emt 00:00:30]} Rd7 {[%clk 00:09:31]} {[%emt 00:03:40]}
36. Rc5 {[%clk 00:12:05]} {[%emt 00:06:52]} Kg7 {[%clk 00:08:21]} {[%emt
00:01:41]} 37. a4 {[%clk 00:11:03]} {[%emt 00:01:31]} h6 {[%clk 00:03:21]}
{[%emt 00:05:31]} 38. b5 {[%clk 00:09:25]} {[%emt 00:02:08]} f5 {[%clk
00:02:58]} {[%emt 00:00:53]} 39. Ke5 {[%clk 00:01:57]} {[%emt 00:07:58]} Nxd5
{[%clk 00:01:21]} {[%emt 00:02:08]} 40. exd5 {[%clk 00:01:44]} {[%emt
00:00:42]} Re7+ {[%clk 00:00:42]} {[%emt 00:01:09]} 41. Kd6 {[%clk 00:01:50]}
{[%emt 00:00:24]} Kf6 {[%clk 00:28:34]} {[%emt 00:02:38]} 42. Rc7 {[%clk
00:26:12]} {[%emt 00:06:08]} Re4 {[%clk 00:28:47]} {[%emt 00:00:17]} 43. Rxa7
{[%clk 00:22:41]} {[%emt 00:04:01]} Rxf4 {[%clk 00:29:00]} {[%emt 00:00:17]}
44. b6 {[%clk 00:22:15]} {[%emt 00:00:57]} Rb4 {[%clk 00:29:22]} {[%emt
00:00:07]} 45. b7 {[%clk 00:19:01]} {[%emt 00:03:44]} f4 {[%clk 00:29:41]}
{[%emt 00:00:11]} 46. Kc7 {[%clk 00:19:06]} {[%emt 00:00:25]} f3 {[%clk
00:27:20]} {[%emt 00:02:52]} 47. Ra8 {[%clk 00:19:26]} {[%emt 00:00:10]} Kg7
{[%clk 00:25:32]} {[%emt 00:02:18]} 48. b8=Q {[%clk 00:19:23]} {[%emt
00:00:32]} Rc4+ {[%clk 00:23:29]} {[%emt 00:02:34]} 49. Kd6 {[%clk 00:19:13]}
{[%emt 00:00:39]} Rf4 {[%clk 00:23:12]} {[%emt 00:00:47]} 50. Qh8+ {[%clk
00:19:00]} {[%emt 00:00:42]} 1-0

[Event "DVM U20 2021"]
[Site "Kiel GER"]
[Date "2022.07.24"]
[Round "4"]
[White "Irkilmez, Yakub"]
[Black "Stelmaszyk, Nico"]
[Result "1-0"]
[Termination "normal"]
[Board "5.1"]
[BlackTitle "FM"]
[WhiteElo "2119"]
[BlackElo "2287"]
[WhiteClock "00:01:59"]
[BlackClock "00:28:34"]
[WhiteTeam "Schachfreunde Essen-Katernberg 04/32 e. V."]
[BlackTeam "SK Lehrte von 1919 e. V."]
[PlyCount "85"]
[WhiteFideId "16204581"]
[BlackFideId "16200462"]
[EventCountry "GER"]
[EventRounds "7"]
[EventType "team-swiss"]
[EventDate "2022.07.22"]

1. d4 {[%clk 01:30:55]} {[%emt 00:00:04]} d5 {[%clk 01:30:55]} {[%emt
00:00:06]} 2. Nf3 {[%clk 01:31:18]} {[%emt 00:00:07]} Nf6 {[%clk 01:30:42]}
{[%emt 00:00:45]} 3. g3 {[%clk 01:31:36]} {[%emt 00:00:10]} e6 {[%clk
01:31:07]} {[%emt 00:00:05]} 4. Bg2 {[%clk 01:31:57]} {[%emt 00:00:09]} Be7
{[%clk 01:31:32]} {[%emt 00:00:05]} 5. O-O {[%clk 01:32:18]} {[%emt 00:00:09]}
O-O {[%clk 01:31:56]} {[%emt 00:00:05]} 6. c4 {[%clk 01:32:37]} {[%emt
00:00:11]} dxc4 {[%clk 01:32:21]} {[%emt 00:00:05]} 7. Qc2 {[%clk 01:33:01]}
{[%emt 00:00:05]} b5 {[%clk 01:32:41]} {[%emt 00:00:11]} 8. a4 {[%clk
01:33:21]} {[%emt 00:00:10]} b4 {[%clk 01:33:05]} {[%emt 00:00:05]} 9. Ne5
{[%clk 01:20:36]} {[%emt 00:13:15]} Qxd4 {[%clk 01:33:20]} {[%emt 00:00:16]}
10. Nxc4 {[%clk 01:20:53]} {[%emt 00:00:13]} Nd5 {[%clk 01:26:21]} {[%emt
00:07:28]} 11. Rd1 {[%clk 01:16:53]} {[%emt 00:04:31]} Qc5 {[%clk 01:21:02]}
{[%emt 00:05:48]} 12. Nbd2 {[%clk 00:58:42]} {[%emt 00:18:42]} Ba6 {[%clk
01:08:33]} {[%emt 00:12:59]} 13. b3 {[%clk 00:57:23]} {[%emt 00:01:49]} Nd7
{[%clk 01:06:14]} {[%emt 00:02:49]} 14. Bb2 {[%clk 00:46:59]} {[%emt 00:10:54]}
Rad8 {[%clk 01:04:43]} {[%emt 00:02:02]} 15. Bd4 {[%clk 00:40:17]} {[%emt
00:07:12]} Qc6 {[%clk 01:00:24]} {[%emt 00:04:49]} 16. Bxa7 {[%clk 00:37:18]}
{[%emt 00:03:29]} Qa8 {[%clk 00:58:57]} {[%emt 00:01:57]} 17. Bd4 {[%clk
00:32:26]} {[%emt 00:05:23]} Bb7 {[%clk 00:59:06]} {[%emt 00:00:21]} 18. Nf3
{[%clk 00:25:24]} {[%emt 00:07:32]} Nc3 {[%clk 00:55:55]} {[%emt 00:03:41]} 19.
Bxc3 {[%clk 00:21:37]} {[%emt 00:04:17]} bxc3 {[%clk 00:56:13]} {[%emt
00:00:12]} 20. Ne3 {[%clk 00:21:01]} {[%emt 00:01:06]} Be4 {[%clk 00:53:58]}
{[%emt 00:02:46]} 21. Qxc3 {[%clk 00:18:59]} {[%emt 00:02:32]} Bf6 {[%clk
00:53:54]} {[%emt 00:00:34]} 22. Qxc7 {[%clk 00:19:04]} {[%emt 00:00:24]} Bxa1
{[%clk 00:54:05]} {[%emt 00:00:18]} 23. Rxd7 {[%clk 00:17:42]} {[%emt
00:01:52]} Rc8 {[%clk 00:52:02]} {[%emt 00:02:32]} 24. Qf4 {[%clk 00:17:16]}
{[%emt 00:00:56]} Rc1+ {[%clk 00:50:48]} {[%emt 00:01:45]} 25. Bf1 {[%clk
00:14:48]} {[%emt 00:02:59]} Qc8 {[%clk 00:46:25]} {[%emt 00:04:52]} 26. Ra7
{[%clk 00:05:13]} {[%emt 00:10:05]} Qb8 {[%clk 00:41:40]} {[%emt 00:05:14]} 27.
Rxf7 {[%clk 00:05:27]} {[%emt 00:00:17]} Qxf4 {[%clk 00:42:05]} {[%emt
00:00:06]} 28. Rxf4 {[%clk 00:05:51]} {[%emt 00:00:06]} Rxf4 {[%clk 00:42:03]}
{[%emt 00:00:32]} 29. gxf4 {[%clk 00:06:16]} {[%emt 00:00:05]} Bc3 {[%clk
00:35:46]} {[%emt 00:06:46]} 30. Ng5 {[%clk 00:05:01]} {[%emt 00:01:45]} Bc6
{[%clk 00:34:28]} {[%emt 00:01:47]} 31. Nxe6 {[%clk 00:04:17]} {[%emt
00:01:16]} Rb1 {[%clk 00:34:22]} {[%emt 00:00:35]} 32. Nc5 {[%clk 00:03:48]}
{[%emt 00:00:58]} Bd4 {[%clk 00:34:28]} {[%emt 00:00:25]} 33. Ne6 {[%clk
00:04:12]} {[%emt 00:00:08]} Ba7 {[%clk 00:32:18]} {[%emt 00:02:40]} 34. Nc4
{[%clk 00:01:51]} {[%emt 00:02:51]} Bd7 {[%clk 00:31:56]} {[%emt 00:00:51]} 35.
f5 {[%clk 00:01:36]} {[%emt 00:00:45]} Rxb3 {[%clk 00:32:03]} {[%emt 00:00:24]}
36. e3 {[%clk 00:01:42]} {[%emt 00:00:24]} g6 {[%clk 00:31:00]} {[%emt
00:01:32]} 37. Ne5 {[%clk 00:01:55]} {[%emt 00:00:17]} Bxe6 {[%clk 00:27:31]}
{[%emt 00:04:00]} 38. fxe6 {[%clk 00:02:14]} {[%emt 00:00:11]} Bc5 {[%clk
00:27:55]} {[%emt 00:00:06]} 39. e7 {[%clk 00:01:46]} {[%emt 00:00:58]} Rb8
{[%clk 00:28:10]} {[%emt 00:00:16]} 40. Nd7 {[%clk 00:02:10]} {[%emt 00:00:06]}
Ra8 {[%clk 00:27:50]} {[%emt 00:00:49]} 41. Nxc5 {[%clk 00:01:38]} {[%emt
00:01:02]} Kh8 {[%clk 00:28:08]} {[%emt 00:00:12]} 42. Bb5 {[%clk 00:01:59]}
{[%emt 00:00:09]} Rf8 {[%clk 00:28:34]} {[%emt 00:00:04]} 43. exf8=Q# {[%emt
00:00:09]} 1-0

[Event "DVM U20 2021"]
[Site "Kiel GER"]
[Date "2022.07.24"]
[Round "4"]
[White "Meiwes, Thore"]
[Black "Gorainow, Nikita"]
[Result "1-0"]
[Termination "normal"]
[Board "5.2"]
[WhiteElo "2105"]
[BlackElo "1987"]
[WhiteClock "00:11:16"]
[BlackClock "00:01:14"]
[WhiteTeam "SK Lehrte von 1919 e. V."]
[BlackTeam "Schachfreunde Essen-Katernberg 04/32 e. V."]
[PlyCount "113"]
[WhiteFideId "16201256"]
[BlackFideId "12970093"]
[EventCountry "GER"]
[EventRounds "7"]
[EventType "team-swiss"]
[EventDate "2022.07.22"]

1. e4 {[%clk 01:30:30]} {[%emt 00:00:29]} c5 {[%clk 01:30:54]} {[%emt
00:00:07]} 2. Nf3 {[%clk 01:30:52]} {[%emt 00:00:08]} Nc6 {[%clk 01:31:10]}
{[%emt 00:00:13]} 3. d4 {[%clk 01:31:16]} {[%emt 00:00:07]} cxd4 {[%clk
01:31:37]} {[%emt 00:00:05]} 4. Nxd4 {[%clk 01:31:38]} {[%emt 00:00:07]} g6
{[%clk 01:31:49]} {[%emt 00:00:17]} 5. c4 {[%clk 01:32:01]} {[%emt 00:00:07]}
Nf6 {[%clk 01:32:02]} {[%emt 00:00:18]} 6. Nc3 {[%clk 01:32:24]} {[%emt
00:00:07]} Nxd4 {[%clk 01:31:19]} {[%emt 00:01:14]} 7. Qxd4 {[%clk 01:32:45]}
{[%emt 00:00:08]} d6 {[%clk 01:31:42]} {[%emt 00:00:06]} 8. Be3 {[%clk
01:32:35]} {[%emt 00:00:40]} Bg7 {[%clk 01:31:54]} {[%emt 00:00:19]} 9. Be2
{[%clk 01:32:54]} {[%emt 00:00:11]} O-O {[%clk 01:32:16]} {[%emt 00:00:07]} 10.
Qd2 {[%clk 01:33:20]} {[%emt 00:00:04]} a5 {[%clk 01:29:24]} {[%emt 00:03:23]}
11. Rc1 {[%clk 01:33:12]} {[%emt 00:00:37]} Bd7 {[%clk 01:29:00]} {[%emt
00:00:55]} 12. f3 {[%clk 01:30:38]} {[%emt 00:03:04]} Bc6 {[%clk 01:29:03]}
{[%emt 00:00:27]} 13. O-O {[%clk 01:30:58]} {[%emt 00:00:10]} Nd7 {[%clk
01:27:10]} {[%emt 00:02:23]} 14. b3 {[%clk 01:30:36]} {[%emt 00:00:51]} Nc5
{[%clk 01:27:13]} {[%emt 00:00:27]} 15. Rc2 {[%clk 01:26:52]} {[%emt 00:04:13]}
Be5 {[%clk 01:25:09]} {[%emt 00:02:36]} 16. Rb1 {[%clk 01:25:29]} {[%emt
00:01:53]} e6 {[%clk 01:21:58]} {[%emt 00:03:42]} 17. Bf1 {[%clk 01:23:55]}
{[%emt 00:02:03]} Qh4 {[%clk 01:15:22]} {[%emt 00:07:07]} 18. g3 {[%clk
01:23:47]} {[%emt 00:00:37]} Qe7 {[%clk 01:15:48]} {[%emt 00:00:04]} 19. Bg2
{[%clk 01:21:57]} {[%emt 00:02:20]} f5 {[%clk 01:08:56]} {[%emt 00:07:23]} 20.
exf5 {[%clk 01:20:03]} {[%emt 00:02:23]} gxf5 {[%clk 01:08:21]} {[%emt
00:01:05]} 21. Ne2 {[%clk 01:18:05]} {[%emt 00:02:27]} Qc7 {[%clk 00:31:32]}
{[%emt 00:37:20]} 22. Rd1 {[%clk 01:12:41]} {[%emt 00:05:54]} Rad8 {[%clk
00:28:54]} {[%emt 00:03:08]} 23. Nf4 {[%clk 01:07:16]} {[%emt 00:05:55]} Bxf4
{[%clk 00:25:33]} {[%emt 00:03:52]} 24. Bxf4 {[%clk 01:03:44]} {[%emt
00:04:02]} e5 {[%clk 00:25:58]} {[%emt 00:00:04]} 25. Bh6 {[%clk 01:02:42]}
{[%emt 00:01:32]} Rf7 {[%clk 00:25:30]} {[%emt 00:00:59]} 26. Qg5+ {[%clk
00:58:25]} {[%emt 00:04:46]} Kh8 {[%clk 00:25:45]} {[%emt 00:00:15]} 27. Qh4
{[%clk 00:58:15]} {[%emt 00:00:40]} Ne6 {[%clk 00:22:12]} {[%emt 00:04:02]} 28.
Rcd2 {[%clk 00:56:25]} {[%emt 00:02:20]} Nd4 {[%clk 00:10:58]} {[%emt
00:11:45]} 29. Rxd4 {[%clk 00:49:57]} {[%emt 00:06:57]} exd4 {[%clk 00:11:24]}
{[%emt 00:00:04]} 30. Qxd4+ {[%clk 00:50:13]} {[%emt 00:00:13]} Kg8 {[%clk
00:11:32]} {[%emt 00:00:23]} 31. c5 {[%clk 00:46:50]} {[%emt 00:03:53]} d5
{[%clk 00:08:49]} {[%emt 00:03:14]} 32. Bh3 {[%clk 00:45:32]} {[%emt 00:01:48]}
Qd7 {[%clk 00:07:30]} {[%emt 00:01:49]} 33. Bd2 {[%clk 00:43:16]} {[%emt
00:02:45]} Re8 {[%clk 00:06:14]} {[%emt 00:01:47]} 34. Bc3 {[%clk 00:42:47]}
{[%emt 00:00:59]} Kf8 {[%clk 00:06:04]} {[%emt 00:00:40]} 35. Qf4 {[%clk
00:32:36]} {[%emt 00:10:41]} Qe7 {[%clk 00:02:33]} {[%emt 00:04:01]} 36. Bd4
{[%clk 00:28:51]} {[%emt 00:04:15]} Qe2 {[%clk 00:01:12]} {[%emt 00:01:51]} 37.
Rf1 {[%clk 00:27:54]} {[%emt 00:01:26]} Qe6 {[%clk 00:01:30]} {[%emt 00:00:13]}
38. Kh1 {[%clk 00:24:40]} {[%emt 00:03:44]} Bb5 {[%clk 00:01:26]} {[%emt
00:00:34]} 39. Rg1 {[%clk 00:21:37]} {[%emt 00:03:33]} Be2 {[%clk 00:01:18]}
{[%emt 00:00:39]} 40. Bg2 {[%clk 00:17:43]} {[%emt 00:04:23]} Bb5 {[%clk
00:01:42]} {[%emt 00:00:06]} 41. Qd2 {[%clk 00:14:42]} {[%emt 00:03:31]} a4
{[%clk 00:27:14]} {[%emt 00:04:58]} 42. Qb4 {[%emt 00:04:39]} Qc6 {[%clk
00:21:23]} {[%emt 00:06:19]} 43. Bc3 {[%clk 00:35:53]} {[%emt 00:05:11]} axb3
{[%clk 00:20:10]} {[%emt 00:01:43]} 44. axb3 {[%clk 00:36:07]} {[%emt
00:00:16]} Re6 {[%clk 00:06:46]} {[%emt 00:13:55]} 45. Ra1 {[%clk 00:34:11]}
{[%emt 00:02:26]} Ke7 {[%clk 00:05:16]} {[%emt 00:02:01]} 46. Ra8 {[%clk
00:30:16]} {[%emt 00:04:23]} Kd7 {[%clk 00:04:25]} {[%emt 00:01:22]} 47. Qa5
{[%clk 00:26:05]} {[%emt 00:04:41]} Re8 {[%clk 00:04:22]} {[%emt 00:00:33]} 48.
Ra7 {[%clk 00:22:01]} {[%emt 00:04:33]} Ba6 {[%clk 00:02:23]} {[%emt 00:02:30]}
49. f4 {[%clk 00:18:56]} {[%emt 00:03:35]} Rfe7 {[%clk 00:02:06]} {[%emt
00:00:46]} 50. Be5 {[%clk 00:18:47]} {[%emt 00:00:39]} Rxe5 {[%clk 00:01:59]}
{[%emt 00:00:37]} 51. fxe5 {[%clk 00:19:09]} {[%emt 00:00:08]} Rxe5 {[%clk
00:02:16]} {[%emt 00:00:13]} 52. Ra8 {[%clk 00:14:40]} {[%emt 00:04:59]} Qf6
{[%clk 00:01:02]} {[%emt 00:01:44]} 53. Qd2 {[%clk 00:11:45]} {[%emt 00:03:21]}
Qe6 {[%clk 00:00:58]} {[%emt 00:00:38]} 54. h4 {[%clk 00:11:25]} {[%emt
00:00:50]} Re1+ {[%clk 00:00:41]} {[%emt 00:00:48]} 55. Kh2 {[%clk 00:11:49]}
{[%emt 00:00:05]} Re2 {[%clk 00:01:06]} {[%emt 00:00:05]} 56. Qf4 {[%clk
00:11:19]} {[%emt 00:01:00]} Qe4 {[%clk 00:01:14]} {[%emt 00:00:22]} 57. Qd6#
{[%clk 00:11:16]} {[%emt 00:00:33]} 1-0